000 00543nam a22001937a 4500
005 20240903095007.0
008 240902b |||||||| |||| 00| 0 eng d
020 _a9788195198757
_cRs. 625.00
040 _aMAIN
082 _aB.08
_bT188C
100 _aTater,Sohan Raj, ed.
110 _aTater, Sohan Raj, ed.
245 _aContribution of Bharat ratnas to India
260 _aJaipur
_bNikhil Prakashan
_c2022
300 _a239
650 _aIndia- Bharat Ratnas- Polticians
650 _aBiography- Bharat Ratnas
942 _cBK
999 _c356643
_d356643